| 000 | 00827nam a2200277 a 4500 | ||
|---|---|---|---|
| 999 |
_c54577 _d54577 |
||
| 001 | 54577 | ||
| 003 | Mx-PuUPA | ||
| 005 | 20190701091819.0 | ||
| 008 | 140415s2004 sp 000 0 spa d | ||
| 020 | _a8493402354 | ||
| 040 | _cMx-PuUPA | ||
| 041 | _aspa | ||
| 082 | 0 |
_a261.55 _bCAR |
|
| 100 | 1 |
_aCarreira, Manuel _eautor |
|
| 245 | 1 | 0 |
_aCiencia y fe : _b¿relaciones de complementariedad? / _cManuel Carreira, director de la colección, Pablo Cervera. |
| 250 | _a1a ed. | ||
| 260 |
_aEspaña : _bVoz de papel, _c2004. |
||
| 300 |
_a240 páginas ; _c21 cm. |
||
| 336 |
_atexto _2rdacontent |
||
| 337 |
_asin mediación _2rdamedia |
||
| 338 |
_avolumen _2rdacarrier |
||
| 490 | 0 |
_aIniciación filosófica _v2 |
|
| 650 | 1 | 4 | _aReligión y ciencia |
| 700 | 1 |
_aCervera, Pablo _edirector de la colección |
|
| 942 |
_2ddc _cLI |
||